000 00317nam a2200133Ia 4500
100 _aKhanna/ K.K.
942 _cBK
245 _aPhysical Distribution Management :- Logistical Approach
260 _bHimalaya pub.house
_aMumbai
_c2000
082 _a658.78
_bKHA
300 _a423
546 _aENGLISH
999 _c28875
_d28875